Sermons choisis : texte revu sur les manuscrits de la Bibliotéque Nationale publié

Αποθηκεύτηκε σε:
Λεπτομέρειες βιβλιογραφικής εγγραφής
Κύριος συγγραφέας: Bossuet, Jacques Benigne, 1627-1704
Άλλοι συγγραφείς: Rebelliau, Alfred, 1858-1934 (Συγγραφέας εισαγωγής κ.λπ.)
Μορφή: Βιβλίο
Γλώσσα:French
Δημοσίευση: Paris : Librarie Hachette et cie, 1901.
Θέματα:
Ετικέτες: Προσθήκη ετικέτας
Δεν υπάρχουν, Καταχωρήστε ετικέτα πρώτοι!

MARC

LEADER 00000nam a2200000 a 4500
001 1/126295
008 230313s1901####fr | ||| |||| ||fre||
040 |a GR-MyUa  |b gre  |c GR-MyUa  |e AACR2 
041 1 |a fre 
082 7 |a 252.02  |2 (23) 
100 1 |a Bossuet, Jacques Benigne,   |d 1627-1704. 
245 1 0 |a Sermons choisis :   |b texte revu sur les manuscrits de la Bibliotéque Nationale publié   |c Bossuet ; avec une introduction, des notices, des notes et un choix de variantes par Alfred Rébelliau.  
260 |a Paris :   |b Librarie Hachette et cie,   |c 1901.  
300 |a 518 σ. ;   |c 16 εκ.  
500 |a Το βιβλίο είναι από την προσωπική συλλογή των Μιχαήλ και Πέπας Αποστόλου, καθηγητή Γαλλικής γλώσσας της Εμπορικής Σχολής και δασκάλας της Προφυριάδας Σχολής αντίστοιχα.  
610 2 0 |a Catholic Church  |x Sermons. 
650 0 |a Sermons, French. 
700 1 |a Rebelliau, Alfred,   |d 1858-1934,  |e aui 
970 |a Γουβάλα  |b Βάσω  |z 13-3-2023